Young people and society (Record no. 54)

MARC details
000 -LEADER
fixed length control field 00611nam a2200205Ia 4500
020 ## - INTERNATIONAL STANDARD BOOK NUMBER
ISBN 0-571-09580-1
082 ## - DEWEY DECIMAL CLASSIFICATION NUMBER
Classification number 306.430942 TAP-;
100 ## - MAIN ENTRY--AUTHOR NAME
Personal name Tapper, Ted
245 #0 - TITLE STATEMENT
Title Young people and society
260 ## - PUBLICATION, DISTRIBUTION, ETC. (IMPRINT)
Place of publication London
Name of publisher Faber and Faber
Year of publication 1971
300 ## - PHYSICAL DESCRIPTION
Number of Pages 176p.
504 ## - BIBLIOGRAPHY, ETC. NOTE
Bibliography, etc Includes index
650 ## - SUBJECT ADDED ENTRY--TOPICAL TERM
Topical Term Educational sociology - United Kingdom
650 ## - SUBJECT ADDED ENTRY--TOPICAL TERM
Topical Term Sociology - United Kingdom
650 ## - SUBJECT ADDED ENTRY--TOPICAL TERM
Topical Term Youth - Political activity - United Kingdom
650 ## - SUBJECT ADDED ENTRY--TOPICAL TERM
Topical Term Social change - United Kingdom
650 ## - SUBJECT ADDED ENTRY--TOPICAL TERM
Topical Term Education - Research - United Kingdom
650 ## - SUBJECT ADDED ENTRY--TOPICAL TERM
Topical Term Socialism and youth - United Kingdom
942 ## - ADDED ENTRY ELEMENTS (KOHA)
Koha item type Books
Holdings
Withdrawn status Lost status Damaged status Not for loan Home library Current library Date acquired Full call number Accession Number Price effective from Koha item type
        NASSDOC Library NASSDOC Library 08/06/2004 306.430942 TAP-; 3015 18/04/2019 Books